|
|
|
|
| LEADER |
00782ncm a22002172a 4500 |
| 001 |
001349544 |
| 003 |
CZ BrMZK |
| 005 |
20140303102327.0 |
| 007 |
qu |
| 008 |
131128s1943 xr |||||||||||||||||zxx d |
| 040 |
|
|
|a BOA001
|b cze
|
| 072 |
|
7 |
|a 787
|x Hudba pro strunné a smyčcové nástroje
|2 Konspekt
|9 9
|
| 100 |
1 |
|
|a Urban, Štěpán,
|d 1913-1974
|7 jk01140830
|4 cmp
|
| 245 |
1 |
0 |
|a Cesta k umělecké hře na kytaru
|h [hudebnina] :
|b škola vyšší techniky /
|c Štěpán Urban
|
| 260 |
|
|
|a Praha :
|b Ludvík Nerad,
|c c1943
|
| 300 |
|
|
|a 30 s.
|
| 505 |
0 |
|
|a I. Část theoretická s obrázkovou přílohou -- II. Technika
|
| 910 |
|
|
|a BOA001
|b Mus4-0168.788
|
| 990 |
|
|
|a MU
|
| 991 |
|
|
|b 201311
|
| 996 |
6 |
|
|b 2619631024
|c Mus4-0168.788
|l MZK
|r Sklad / do 1 hodiny
|n 0
|w 001384363
|u 000010
|a 1
|e BOA001
|j MZK50
|s P
|